Music Quiz

Random Music or Artist Quiz

Song Titles in Opening Lyrics Quiz Stats

 Plays Quiz Updated May 21, 2018

Challenge
Share
Tweet
Embed
Score 0/18 Timer 06:00
1 Play Today
Opening Lyrics Song % Correct
My [title] brings all the boys to the yard, and they're like, 'It's better than yours'Milkshake
77.6%
[Title], I'm gonna find ya, I'm gonna getcha getcha getcha getchaOne Way or Another
76.5%
You ain't nothin' but a [title], cryin' all the timeHound Dog
75.6%
[Title], you don't have to put on the red lightRoxanne
68.1%
[Title] there's no heaven, it's easy if you tryImagine
61.8%
My my, at [title] Napoleon did surrenderWaterloo
57.9%
Girl, [title] goin', you got me so I don't know what I'm doin'You Really Got Me
57.8%
Don't wanna be an [title], don't want a nation under the new mediaAmerican Idiot
52.6%
[Title], bring me a dream, make him the cutest that I've ever seenMr. Sandman
49.3%
Opening Lyrics Song % Correct
Gonna find my baby, gonna hold her tight, gonna grab some [title]Afternoon Delight
44%
In a [title], with black curtains, near the stationWhite Room
31.5%
Come Mr. DJ song [title], come Mr. DJ, won't you turn the music up?Pon de Replay
30.1%
[Title], [title], if no one is around you, say, 'Baby, I love you'Say My Name
26.9%
I'm gonna fight 'em off, a [title] couldn't hold me backSeven Nation Army
26.2%
[Title] to stay here, and I'll turn right back aroundGive Me One Reason
18.1%
[Title] to the faraway towns, now war is declared and battle come downLondon Calling
13.3%
[Title], arrest this man, he talks in mathsKarma Police
12.3%
Here she comes now, say '[title]', shoot 'em down, turn around, come onMony Mony
10.8%

You're not logged in!

Compare scores with friends on all Sporcle quizzes.
Join for Free
OR
Log In

You Might Also Like...

Show Comments

Extras

Top Quizzes Today


Score Distribution

Your Account Isn't Verified!

In order to create a playlist on Sporcle, you need to verify the email address you used during registration. Go to your Sporcle Settings to finish the process.

Report this User

Report this user for behavior that violates our Community Guidelines.

Details: